000 00322 a2200145 4500
001 153536
040 _cEscola São Tomás de Aquino
100 _aAZEVEDO, Artur
240 1 0 _aEm família
_lpor
245 1 0 _aEm família
362 0 _a2002
440 1 _aNova Fronteira
697 _a*LITERATURA JUVENIL
942 _cBK
999 _c153536
_d153536